<?xml version="1.0" encoding="UTF-8"?>
<record
    xmlns:xsi="http://www.w3.org/2001/XMLSchema-instance"
    xsi:schemaLocation="http://www.loc.gov/MARC21/slim http://www.loc.gov/standards/marcxml/schema/MARC21slim.xsd"
    xmlns="http://www.loc.gov/MARC21/slim">

  <leader>06123njm a2200733Ia 4500</leader>
  <controlfield tag="001">A1190</controlfield>
  <controlfield tag="003">IT-RoPAU</controlfield>
  <controlfield tag="005">20220918181115.0</controlfield>
  <controlfield tag="008">131025s9999    xx            000 0 und d</controlfield>
  <datafield tag="040" ind1=" " ind2=" ">
    <subfield code="a">IT-RoPAU</subfield>
  </datafield>
  <datafield tag="040" ind1=" " ind2=" ">
    <subfield code="c">IT-RoPAU</subfield>
  </datafield>
  <datafield tag="999" ind1=" " ind2=" ">
    <subfield code="c">99310</subfield>
    <subfield code="d">99310</subfield>
  </datafield>
  <datafield tag="999" ind1=" " ind2=" ">
    <subfield code="b">n.d.</subfield>
  </datafield>
  <datafield tag="100" ind1=" " ind2=" ">
    <subfield code="a">AA.VV.</subfield>
    <subfield code="9">794</subfield>
  </datafield>
  <datafield tag="100" ind1=" " ind2=" ">
    <subfield code="e">Autore musica</subfield>
    <subfield code="9">27880</subfield>
  </datafield>
  <datafield tag="100" ind1=" " ind2=" ">
    <subfield code="g">Codice autore musica SPICS: 12000</subfield>
    <subfield code="9">796</subfield>
  </datafield>
  <datafield tag="245" ind1=" " ind2=" ">
    <subfield code="a">Contrabbasso nel jazz (Il)</subfield>
  </datafield>
  <datafield tag="250" ind1=" " ind2=" ">
    <subfield code="a">2a ed.</subfield>
  </datafield>
  <datafield tag="260" ind1=" " ind2=" ">
    <subfield code="a">MILANO</subfield>
  </datafield>
  <datafield tag="260" ind1=" " ind2=" ">
    <subfield code="b">RUSCONI</subfield>
    <subfield code="c">1991 [1a Ed.:0]</subfield>
  </datafield>
  <datafield tag="300" ind1=" " ind2=" ">
    <subfield code="a">COMPACT DISC</subfield>
  </datafield>
  <datafield tag="300" ind1=" " ind2=" ">
    <subfield code="c">58 minuti (Testo: 0 pag.)</subfield>
  </datafield>
  <datafield tag="500" ind1=" " ind2=" ">
    <subfield code="a">Musica jazz. Compact fuori commercio allegato al n. 10 della rivista "Musica jazz"</subfield>
  </datafield>
  <datafield tag="505" ind1=" " ind2=" ">
    <subfield code="a">Get the "L" On Down the Road [(Chicago, 21 marzo 1929) (4:00)] - Freeze and Melt [(New York, 4 aprile 1929) (3:00)] - Blues of Israel [(Chicago, 19 novembre 1935) (4:00)] - 8, 9 &amp; 10 [(New York, 3 maggio 1938) (3:00)] - Big Noise From Winnetka [(Chicago, 14 ottobre 1938) (3:00)] - It Feels So Good [(New York, 28 ottobre 1938) (3:00)] - Pluckin' the Bass [(New York, 30 agosto 1939) (3:00)] - Blues [(New York, 22 novembre 1939) (3:00)] - For Bass Faces Only [(New York, 18 gennaio 1944) (6:00)] - Head Hunters [(New York, 29 novembre 1945) (4:00)] - Bass Mood [(New York, dicembre 1947) (4:00)] - I Never Knew [(New York, 27 novembre 1948) (4:00)] - Untitled Blues [(New York, 13 settembre 1950) (3:00)] - What Is This Thing Called Love [(New York, 6 novembre 1951) (6:00)] - Walkin's [(New York, 17 maggio 1958) (7:00)] - Autumn Leaves [(New York, 12 marzo 1960) (5:00)]</subfield>
  </datafield>
  <datafield tag="511" ind1=" " ind2=" ">
    <subfield code="a">Dorsey Thomas A.: p, voc, scon, kazoo, jug; Bottle Johnson Bill: cb, scon; Washboard Frankie: voc; Bill Johnson's Louisiana Jug Band</subfield>
  </datafield>
  <datafield tag="511" ind1=" " ind2=" ">
    <subfield code="a">Whetsol Arthur: tr; Jenkins Freddy: tr; Williams Cootie: tr; Nanton Joe: trne; Bigard Barney: cl, ten; Hodges Johnny: alto; Carney Harry: bar, cl; Ellington Duke: p; Joe Turner and His Memphis Men (Duke Ellington and His Orchestra)</subfield>
  </datafield>
  <datafield tag="511" ind1=" " ind2=" ">
    <subfield code="a">Kazebier Nate: tr; Harris Joe: trne; Goodman Benny: cl; Clark Dick: ten; Stacy Jess: p; Reuss Allen: chit; Crosby Israel: cb; Krupa Gene: batt; Gene Krupa and His Chicagoans</subfield>
  </datafield>
  <datafield tag="511" ind1=" " ind2=" ">
    <subfield code="a">Gaillard Slim: chit, voc; Stewart Slam: cb, voc; Allen Sam: p; Dobson Guts: batt</subfield>
  </datafield>
  <datafield tag="511" ind1=" " ind2=" ">
    <subfield code="a">Haggart Bob: cb, fischio; Bauduc Ray: batt</subfield>
  </datafield>
  <datafield tag="511" ind1=" " ind2=" ">
    <subfield code="a">Shavers Charlie: tr; Bailey Buster: cl; Procope Russell: alto; Kyle Billy: p; Kirby John: cb; Spencer O'Neil: batt; John Kirby and His Orchestra</subfield>
  </datafield>
  <datafield tag="511" ind1=" " ind2=" ">
    <subfield code="a">Bauza Mario: tr; Gillespie Dizzy: tr; Wright Lammar: tr; Jones Claude: trne; Johnson Keg: trne; Wheeler De Priest: trne; Haughton Chauncey: cl, alto; Brown Andrew: cl, alto; Berry Chu: ten; Thomas Walter: ten; Paine Bennie: p; Barker Danny: chit; Hinton Milt: cb; Cole Cozy: batt; Cab Calloway and His Orchestra</subfield>
  </datafield>
  <datafield tag="511" ind1=" " ind2=" ">
    <subfield code="a">Ellington Duke: p; Blanton Jimmy: cb</subfield>
  </datafield>
  <datafield tag="511" ind1=" " ind2=" ">
    <subfield code="a">Eldridge Roy: tr; Hawkins Coleman: ten; Tatum Art: p; Casey Al: chit; Pettiford Oscar: cb; Catlett Sidney: batt; Esquire All American Band</subfield>
  </datafield>
  <datafield tag="511" ind1=" " ind2=" ">
    <subfield code="a">Aless Tony: p; Bauer Billy: chit; Jackson Chubby: cb; Fishkin Arnold: cb; Manne Shelly: batt; Chubby Jackson's Rhythm</subfield>
  </datafield>
  <datafield tag="511" ind1=" " ind2=" ">
    <subfield code="a">Wetzel Ray: tr; Bert Eddie: trne; Pepper Art: alto; Cooper Bob: ten; Rugolo Pete: p; Safranski Eddie: cb; Manne Shelly: batt; Eddie Safranski's Poll Cats</subfield>
  </datafield>
  <datafield tag="511" ind1=" " ind2=" ">
    <subfield code="a">Winding Kai: trne; Eager Allen: ten; Jones Hank: p; Brown Ray: cb; Haynes Roy: batt; Ray Brown Quintet</subfield>
  </datafield>
  <datafield tag="511" ind1=" " ind2=" ">
    <subfield code="a">Ellington Duke: p; Pettiford Oscar: cello; Trottman Lloyd: cb; Jones Jo: batt; Oscar Pettiford Quartet</subfield>
  </datafield>
  <datafield tag="511" ind1=" " ind2=" ">
    <subfield code="a">Taylor Billy: p; Mingus Charles: cb; Foster Marquis: batt; Billy Taylor Trio</subfield>
  </datafield>
  <datafield tag="511" ind1=" " ind2=" ">
    <subfield code="a">Davis Miles: tr; Coltrane John: ten; Evans Bill: p; Chambers Paul: cb; Jones Philly Joe: batt; Miles Davis Quintet</subfield>
  </datafield>
  <datafield tag="511" ind1=" " ind2=" ">
    <subfield code="a">Evans Bill: p; la Faro Scott: cb; Motian Paul: batt; Bill Evans Trio</subfield>
  </datafield>
  <datafield tag="650" ind1=" " ind2=" ">
    <subfield code="a">JAZZ [COMPACT DISC]</subfield>
    <subfield code="e">Codice MATERIA SPICS: 9949</subfield>
    <subfield code="9">11822</subfield>
  </datafield>
  <datafield tag="700" ind1=" " ind2=" ">
    <subfield code="a">Anonimo</subfield>
    <subfield code="d">Codice autore musica SPICS: 2620</subfield>
    <subfield code="e">Autore musica</subfield>
    <subfield code="p">Get the "L" On Down the Road</subfield>
    <subfield code="9">27881</subfield>
  </datafield>
  <datafield tag="700" ind1=" " ind2=" ">
    <subfield code="a">McHugh Jimmy</subfield>
    <subfield code="d">Codice autore musica SPICS: 16297</subfield>
    <subfield code="e">Autore musica</subfield>
    <subfield code="p">Freeze and Melt</subfield>
    <subfield code="9">27882</subfield>
  </datafield>
  <datafield tag="700" ind1=" " ind2=" ">
    <subfield code="a">Fields Dorothy</subfield>
    <subfield code="d">Codice autore SPICS: 15865</subfield>
    <subfield code="e">Autore</subfield>
    <subfield code="p">Freeze and Melt</subfield>
    <subfield code="9">27883</subfield>
  </datafield>
  <datafield tag="700" ind1=" " ind2=" ">
    <subfield code="a">Krupa Gene</subfield>
    <subfield code="d">Codice autore musica SPICS: 10968</subfield>
    <subfield code="e">Autore musica</subfield>
    <subfield code="p">Blues of Israel</subfield>
    <subfield code="9">27884</subfield>
  </datafield>
  <datafield tag="700" ind1=" " ind2=" ">
    <subfield code="a">Gaillard Slim</subfield>
    <subfield code="d">Codice autore musica SPICS: 18116</subfield>
    <subfield code="e">Autore musica</subfield>
    <subfield code="p">8, 9 &amp; 10</subfield>
    <subfield code="9">27885</subfield>
  </datafield>
  <datafield tag="700" ind1=" " ind2=" ">
    <subfield code="a">Stewart S.</subfield>
    <subfield code="d">Codice autore SPICS: 31074</subfield>
    <subfield code="e">Autore musica</subfield>
    <subfield code="p">8, 9 &amp; 10</subfield>
    <subfield code="9">27886</subfield>
  </datafield>
  <datafield tag="700" ind1=" " ind2=" ">
    <subfield code="a">Haggart Bob</subfield>
    <subfield code="d">Codice autore musica SPICS: 16365</subfield>
    <subfield code="e">Autore musica</subfield>
    <subfield code="p">Big Noise From Winnetka</subfield>
    <subfield code="9">27887</subfield>
  </datafield>
  <datafield tag="700" ind1=" " ind2=" ">
    <subfield code="a">Bauduc</subfield>
    <subfield code="d">Codice autore SPICS: 24645</subfield>
    <subfield code="e">Autore</subfield>
    <subfield code="p">Big Noise From Winnetka</subfield>
    <subfield code="9">27888</subfield>
  </datafield>
  <datafield tag="700" ind1=" " ind2=" ">
    <subfield code="a">Shavers Charlie</subfield>
    <subfield code="d">Codice autore musica SPICS: 22907</subfield>
    <subfield code="e">Autore musica</subfield>
    <subfield code="p">It Feels So Good</subfield>
    <subfield code="9">27889</subfield>
  </datafield>
  <datafield tag="700" ind1=" " ind2=" ">
    <subfield code="a">Eldridge Roy</subfield>
    <subfield code="d">Codice autore musica SPICS: 16340</subfield>
    <subfield code="e">Autore musica</subfield>
    <subfield code="p">Pluckin' the Bass</subfield>
    <subfield code="9">27890</subfield>
  </datafield>
  <datafield tag="700" ind1=" " ind2=" ">
    <subfield code="a">Ellington Duke</subfield>
    <subfield code="d">Codice autore musica SPICS: 13023</subfield>
    <subfield code="e">Autore musica</subfield>
    <subfield code="p">Blues - Untitled Blues</subfield>
    <subfield code="9">27891</subfield>
  </datafield>
  <datafield tag="700" ind1=" " ind2=" ">
    <subfield code="a">Blanton Jimmy</subfield>
    <subfield code="d">Codice autore SPICS: 16359</subfield>
    <subfield code="e">Autore</subfield>
    <subfield code="p">Blues</subfield>
    <subfield code="9">27892</subfield>
  </datafield>
  <datafield tag="700" ind1=" " ind2=" ">
    <subfield code="a">Pettiford Oscar</subfield>
    <subfield code="d">Codice autore musica SPICS: 16168</subfield>
    <subfield code="e">Autore musica</subfield>
    <subfield code="p">For Bass Faces Only - Untitled Blues</subfield>
    <subfield code="9">27893</subfield>
  </datafield>
  <datafield tag="700" ind1=" " ind2=" ">
    <subfield code="a">Fishkin A.</subfield>
    <subfield code="d">Codice autore musica SPICS: 34665</subfield>
    <subfield code="e">Autore musica</subfield>
    <subfield code="p">Head Hunters</subfield>
    <subfield code="9">27894</subfield>
  </datafield>
  <datafield tag="700" ind1=" " ind2=" ">
    <subfield code="a">Safranski E.</subfield>
    <subfield code="d">Codice autore musica SPICS: 34666</subfield>
    <subfield code="e">Autore musica</subfield>
    <subfield code="p">Bass Mood</subfield>
    <subfield code="9">27895</subfield>
  </datafield>
  <datafield tag="700" ind1=" " ind2=" ">
    <subfield code="a">Rugolo Pete</subfield>
    <subfield code="d">Codice autore SPICS: 18099</subfield>
    <subfield code="e">Autore</subfield>
    <subfield code="p">Bass Mood</subfield>
    <subfield code="9">27896</subfield>
  </datafield>
  <datafield tag="700" ind1=" " ind2=" ">
    <subfield code="a">Kahn</subfield>
    <subfield code="d">Codice autore musica SPICS: 19977</subfield>
    <subfield code="e">Autore musica</subfield>
    <subfield code="p">I Never Knew</subfield>
    <subfield code="9">27897</subfield>
  </datafield>
  <datafield tag="700" ind1=" " ind2=" ">
    <subfield code="a">Fiorito</subfield>
    <subfield code="d">Codice autore SPICS: 34667</subfield>
    <subfield code="e">Autore</subfield>
    <subfield code="p">I Never Knew</subfield>
    <subfield code="9">27898</subfield>
  </datafield>
  <datafield tag="700" ind1=" " ind2=" ">
    <subfield code="a">Porter Cole</subfield>
    <subfield code="d">Codice autore musica SPICS: 13034</subfield>
    <subfield code="e">Autore musica</subfield>
    <subfield code="p">What Is This Thing Called Love</subfield>
    <subfield code="9">27899</subfield>
  </datafield>
  <datafield tag="700" ind1=" " ind2=" ">
    <subfield code="a">Carpenter Richard</subfield>
    <subfield code="d">Codice autore musica SPICS: 26374</subfield>
    <subfield code="e">Autore musica</subfield>
    <subfield code="p">Walkin'</subfield>
    <subfield code="9">27900</subfield>
  </datafield>
  <datafield tag="700" ind1=" " ind2=" ">
    <subfield code="a">Kosma Joseph</subfield>
    <subfield code="d">Codice autore musica SPICS: 15815</subfield>
    <subfield code="e">Autore musica</subfield>
    <subfield code="p">Autumn Leaves</subfield>
    <subfield code="9">27901</subfield>
  </datafield>
  <datafield tag="700" ind1=" " ind2=" ">
    <subfield code="a">Prevert Jacques</subfield>
    <subfield code="d">Codice autore SPICS: 2341</subfield>
    <subfield code="e">Autore</subfield>
    <subfield code="p">Autumn Leaves</subfield>
    <subfield code="9">27902</subfield>
  </datafield>
  <datafield tag="942" ind1=" " ind2=" ">
    <subfield code="c">CD</subfield>
    <subfield code="2">ddc</subfield>
  </datafield>
  <datafield tag="952" ind1=" " ind2=" ">
    <subfield code="0">0</subfield>
    <subfield code="1">0</subfield>
    <subfield code="4">0</subfield>
    <subfield code="6">A_1190_000000000000000</subfield>
    <subfield code="7">1</subfield>
    <subfield code="a">SPICS</subfield>
    <subfield code="b">SPICS</subfield>
    <subfield code="d">2013-10-25</subfield>
    <subfield code="l">0</subfield>
    <subfield code="o">A1190</subfield>
    <subfield code="r">2013-10-25 00:00:00</subfield>
    <subfield code="w">2013-10-25</subfield>
    <subfield code="y">CD</subfield>
    <subfield code="z">Progr. Ins.: 61 / N.Vol.: 1 / Copie: 1 - Copia rara: n.d. / date import: 01.01.2014 - By Epidotti, Trombetti, Vaglietti</subfield>
  </datafield>
</record>
